[Event "Samara Region-ch HL"]
[Site "Samara"]
[Date "2006.12.??"]
[Round "2"]
[White "Veprinsky, Vladimir"]
[Black "Kazancev, Valerij M"]
[Result "0-1"]
[WhiteElo "2207"]
[BlackElo "2335"]
[PlyCount "42"]
[EventDate "2006.12.07"]
[EventType "tourn"]
[EventRounds "9"]
[EventCountry "RUS"]
[EventCategory "2"]
[SourceTitle "EXT 2019"]
[Source "ChessBase"]
[SourceDate "2018.10.10"]
[SourceVersion "1"]
[SourceVersionDate "2018.10.10"]
[SourceQuality "1"]

1. d4 e6 2. e4 c5 3. Nf3 cxd4 4. Nxd4 a6 5. Bd3 Nc6 6. Nxc6 bxc6 7. 0-0 d5 8. c4 Nf6 9. cxd5 cxd5 10. exd5 Nxd5 11. Nc3 Nxc3 12. bxc3 Bd6 13. Be4 Rb8 14. Qa4+ Bd7 15. Qxa6 Qc7 16. Ba3 Bxh2+ 17. Kh1 Bb5 18. Bc6+ Bxc6 19. Rab1 Ra8 20. Qb6 Rxa3 21. Qb4 Bd6 0-1